MARC details
| 000 -CABECERA |
| campo de control de longitud fija |
01590nam a2200445 a 4500 |
| 001 - NÚMERO DE CONTROL |
| campo de control |
000114848 |
| 003 - IDENTIFICADOR DEL NÚMERO DE CONTROL |
| campo de control |
CHAP |
| 005 - FECHA Y HORA DE LA ÚLTIMA TRANSACCIÓN |
| campo de control |
20220329144501.0 |
| 008 - DATOS DE LONGITUD FIJA--INFORMACIÓN GENERAL |
| campo de control de longitud fija |
180621s2017 mx a rl l000 0 spa d |
| 010 ## - NÚMERO DE CONTROL DE LA BIBLIOTECA DEL CONGRESO |
| Número de control de LC |
111309 |
| 011 ## - ENLACE DEL NUMERO DE CONTROL DE LA BIBLIOTECA DEL CONGRESO [OBSOLETO] |
| Número de control de LC |
112281 |
| 020 ## - NÚMERO INTERNACIONAL ESTÁNDAR DEL LIBRO |
| Número Internacional Estándar del Libro |
978-607-12-0481-3 (No. 18) |
| 020 ## - NÚMERO INTERNACIONAL ESTÁNDAR DEL LIBRO |
| Número Internacional Estándar del Libro |
9786071201485 (Colección Tlatemoa) |
| 040 ## - FUENTE DE LA CATALOGACIÓN |
| Centro/agencia transcriptor |
CHAP |
| 082 04 - NÚMERO DE LA CLASIFICACIÓN DECIMAL DEWEY |
| Número de clasificación |
338.97262 |
| -- |
P92 |
| 100 00 - ENTRADA PRINCIPAL--NOMBRE DE PERSONA |
| Nombre de persona |
Pérez Lugo, Ismael. |
| 9 (RLIN) |
89809 |
| 245 10 - MENCIÓN DE TÍTULO |
| Título |
Interpelación cultural a la sustentabilidad del desarrollo : |
| Resto del título |
un referenciado desde la Huasteca serrana de Veracruz / |
| Mención de responsabilidad, etc. |
por Ismael Pérez Lugo. |
| 260 ## - PUBLICACIÓN, DISTRIBUCIÓN, ETC. |
| Lugar de publicación, distribución, etc. |
México : |
| Nombre del editor, distribuidor, etc. |
UACH, |
| Fecha de publicación, distribución, etc. |
2017. |
| 300 ## - DESCRIPCIÓN FÍSICA |
| Extensión |
145 p. |
| 490 ## - MENCIÓN DE SERIE |
| Mención de serie |
Colección Tlatemoa |
| 590 ## - NOTA LOCAL (RLIN) |
| Nota local |
E11695DGD |
| Procedencia (VM) [OBSOLETO] |
10 |
| Condición del los carretes individuales (VM) [OBSOLETO] |
20180622 |
| -- |
UCH01 |
| -- |
1402 |
| 590 ## - NOTA LOCAL (RLIN) |
| Nota local |
E11695DGD |
| Procedencia (VM) [OBSOLETO] |
10 |
| Condición del los carretes individuales (VM) [OBSOLETO] |
20180622 |
| -- |
UCH01 |
| -- |
1435 |
| 590 ## - NOTA LOCAL (RLIN) |
| Nota local |
E11695DGD |
| Procedencia (VM) [OBSOLETO] |
10 |
| Condición del los carretes individuales (VM) [OBSOLETO] |
20180622 |
| -- |
UCH01 |
| -- |
1439 |
| 590 ## - NOTA LOCAL (RLIN) |
| Nota local |
E8697GMM |
| Procedencia (VM) [OBSOLETO] |
05 |
| Condición del los carretes individuales (VM) [OBSOLETO] |
20180621 |
| -- |
UCH01 |
| -- |
1355 |
| 590 ## - NOTA LOCAL (RLIN) |
| Nota local |
E8697GMM |
| Procedencia (VM) [OBSOLETO] |
05 |
| Condición del los carretes individuales (VM) [OBSOLETO] |
20180621 |
| -- |
UCH01 |
| -- |
1359 |
| 590 ## - NOTA LOCAL (RLIN) |
| Nota local |
E8697GMM |
| Procedencia (VM) [OBSOLETO] |
05 |
| Condición del los carretes individuales (VM) [OBSOLETO] |
20180621 |
| -- |
UCH01 |
| -- |
1401 |
| 590 ## - NOTA LOCAL (RLIN) |
| Nota local |
E8697GMM |
| Procedencia (VM) [OBSOLETO] |
05 |
| Condición del los carretes individuales (VM) [OBSOLETO] |
20180621 |
| -- |
UCH01 |
| -- |
1402 |
| 590 ## - NOTA LOCAL (RLIN) |
| Nota local |
E8697GMM |
| Procedencia (VM) [OBSOLETO] |
05 |
| Condición del los carretes individuales (VM) [OBSOLETO] |
20180622 |
| -- |
UCH01 |
| -- |
0915 |
| 590 ## - NOTA LOCAL (RLIN) |
| Nota local |
E8697GMM |
| Procedencia (VM) [OBSOLETO] |
05 |
| Condición del los carretes individuales (VM) [OBSOLETO] |
20180622 |
| -- |
UCH01 |
| -- |
0921 |
| 590 ## - NOTA LOCAL (RLIN) |
| Nota local |
E8697GMM |
| Procedencia (VM) [OBSOLETO] |
05 |
| Condición del los carretes individuales (VM) [OBSOLETO] |
20180622 |
| -- |
UCH01 |
| -- |
0923 |
| 590 ## - NOTA LOCAL (RLIN) |
| Nota local |
E8697GMM |
| Procedencia (VM) [OBSOLETO] |
05 |
| Condición del los carretes individuales (VM) [OBSOLETO] |
20180622 |
| -- |
UCH01 |
| -- |
1149 |
| 650 14 - PUNTO DE ACCESO ADICIONAL DE MATERIA--TÉRMINO DE MATERIA |
| Término de materia o nombre geográfico como elemento de entrada |
Desarrollo sustentable |
| Subdivisión general |
Veracruz. |
| 9 (RLIN) |
32093 |
| 650 14 - PUNTO DE ACCESO ADICIONAL DE MATERIA--TÉRMINO DE MATERIA |
| Término de materia o nombre geográfico como elemento de entrada |
Huastecas |
| Subdivisión general |
Condiciones sociales. |
| 9 (RLIN) |
56591 |
| 650 14 - PUNTO DE ACCESO ADICIONAL DE MATERIA--TÉRMINO DE MATERIA |
| Término de materia o nombre geográfico como elemento de entrada |
Indios de Veracruz |
| Subdivisión general |
Cultura. |
| 9 (RLIN) |
57665 |
| 650 14 - PUNTO DE ACCESO ADICIONAL DE MATERIA--TÉRMINO DE MATERIA |
| Término de materia o nombre geográfico como elemento de entrada |
Recursos naturales |
| Subdivisión general |
Conservación |
| Subdivisión geográfica |
Veracruz. |
| 9 (RLIN) |
95335 |
| 830 #0 - PUNTO DE ACCESO ADICIONAL DE SERIE-TÍTULO UNIFORME |
| Título uniforme |
Colección Tlatemoa |
| Designación de volumen o secuencia |
; 18 |
| 9 (RLIN) |
25011 |
| 901 ## - ELEMENTOS DE DATOS A LOCAL LDA (RLIN) |
| a |
BK |
| 942 ## - ELEMENTOS DE PUNTO DE ACCESO ADICIONAL (KOHA) |
| Tipo de ítem Koha |
Libro |
| 942 ## - ELEMENTOS DE PUNTO DE ACCESO ADICIONAL (KOHA) |
| Suprimir en OPAC |
0 |